000 00374 a2200157 4500
001 61833
020 _a
040 _cAnchieta - Pituba
100 _aSérates, Jonofon
240 1 0 _aSistemas de medidas decimais e não decimais
_lpor
245 1 0 _aSistemas de medidas decimais e não decimais
300 _a128
362 0 _a1999
650 4 _aMatemática
942 _cBK
999 _c61833
_d61833